Faixas dos Instrumentos - Statistics

General Stats
  • This quiz has been taken 141 times
  • The average score is 12 of 19
Answer Stats
Answer % Correct
60 a 90
97%
140 a 245
84%
150 a 435
84%
25 a 60 e 90 a 100
84%
25 e 100
81%
245
76%
50 a 140
70%
475
65%
600 a 2700
62%
10 a 29,6
59%
2700
59%
29,6
59%
100 a 150 e 435 a 475
57%
10,5
57%
950 a 1640
46%
240
41%
950 e 1640
38%
185 a 240
32%
66 a 185
32%
No matching quizzes found
Score Distribution
Percent of People with Each Score
Percentile by Number Answered
Your Score History
You have not taken this quiz